Music Quiz

Random Music or Clickable Quiz

Stand By Me (Clicky-Oke) Quiz Stats

 Plays Quiz not verified by Sporcle

Challenge
Share
Tweet
Embed
Score 0/21 Timer 04:00
0 Plays Today
% Correct
And the land is dark
99.5%
Light we'll see
99.5%
Stand by me
83.1%
Stand by me
83.1%
Or the mountain should crumble
81.2%
Stand by me
80.8%
That we look upon
80.3%
Stand by me
79.8%
Stand by me
78.9%
Stand by me
78.9%
Stand by me
77.5%
% Correct
Oh, I won't be afraid
77%
No, I won't shed a tear
73.7%
Stand by me
73.7%
Stand by me
65.7%
I won't cry
56.8%
Stand by me
54%
Oh stand now,
45.1%
Oh stand
39.4%
Oh stand now
38%
won't you stand now
29.1%

You're not logged in!

Compare scores with friends on all Sporcle quizzes.
Join for Free
OR
Log In

You Might Also Like...

Show Comments

Extras

Top Quizzes Today


Score Distribution

Your Account Isn't Verified!

In order to create a playlist on Sporcle, you need to verify the email address you used during registration. Go to your Sporcle Settings to finish the process.

Report this User

Report this user for behavior that violates our Community Guidelines.

Details: